000 00304nam a2200109Ia 4500
008 220204s9999 xx 000 0 und d
082 _a061.6(058)(540)
_bDIR
245 0 _aDirectory of scientific research institutions in India 4V
260 _aNew Delhi
_bINSDOC
_c1994
505 _aSet price
942 _cBK
999 _c40838
_d40838